Jména všech státu v jejich oficiálním jazyce - Statistics

General Stats
  • This quiz has been taken 59 times
  • The average score is 101 of 162
Answer Stats
Kontinent Stát % Correct
Afrika Bénin Benin
98%
Afrika Cameroun Kamerun
98%
Afrika Kenya Keňa
93%
Afrika Madagasikara Madagaskar
93%
Afrika Namibia Namibie
93%
Afrika Tchad Čad
91%
Afrika Gambia Gambie
91%
Afrika South Africa Jižní Afrika
91%
Afrika South Sudan Jižní Súdán
91%
Afrika République du Congo Kongo (Brazzaville)
91%
Afrika Liberia Libérie
91%
Afrika Moçambique Mosambik
91%
Afrika Nigeria Nigérie
91%
Afrika Sénégal Senegal
91%
Afrika Soomaaliya Somálsko
91%
Afrika Tanzania Tanzanie
91%
Afrika République démocratique du Congo Kongo (Kinshasa)
89%
Afrika République Centrafricaine Středoafrická republika
89%
Afrika Zambia Zambie
89%
Evropa Danmark Dánsko
87%
Afrika Ertra Eritrea
87%
Evropa Deutschland Německo
87%
Asie Azərbaycan Ázerbájdžán
84%
Evropa België Belgie
84%
Asie Pilipinas Filipíny
84%
Afrika Guinée Guinea
84%
Asie Indonesia Indonésie
84%
Afrika Cabo Verde Kapverdy
84%
Asie Malaysia Malajsie
84%
Asie Singapore Singapur
84%
Evropa España Španělsko
84%
Evropa, Asie Türkiye Turecko
84%
Asie Turkmenistan Turkmenistán
84%
Evropa Città del Vaticano Vatikán
84%
Asie Việt Nam Vietnam
84%
Evropa Беларусь Bělorusko
82%
Asie Brunei Brunej
82%
Evropa France Francie
82%
Afrika République gabonaise Gabon
82%
Evropa Ísland Island
82%
Evropa Italia Itálie
82%
Evropa Kosova Kosovo
82%
Evropa Lietuva Litva
82%
Evropa Latvija Lotyšsko
82%
Afrika São Tomé E Príncipe Svatý Tomáš a Princův ostrov
82%
Evropa Hrvatska Chorvatsko
80%
Afrika Guiné-Bissau Guinea-Bissau
80%
Evropa Liechtenstein Lichtenštejnsko
80%
Evropa Moldova Moldavsko
80%
Afrika Côte d'Ivoire Pobřeží slonoviny
80%
Afrika Guinea Ecuatorial Rovníková Guinea
80%
Oceánie Australia Austrálie
78%
Severní Amerika Bahamas Bahamy
78%
Evropa Босна и Херцеговина Bosna a Hercegovina
78%
Evropa Црна Гора Černá Hora
78%
Severní Amerika Dominica Dominika
78%
Severní Amerika República Dominicana Dominikánská republika
78%
Afrika Jabuuti Džibutsko
78%
Severní Amerika Jamaica Jamajka
78%
Severní Amerika Canada Kanada
78%
Severní Amerika Costa Rica Kostarika
78%
Severní Amerika Cuba Kuba
78%
Severní Amerika México Mexiko
78%
Evropa Monaca Monako
78%
Severní Amerika Nicaragua Nikaragua
78%
Evropa Nederland Nizozemsko
78%
Evropa Norge Norsko
78%
Severní Amerika Panamá Panama
78%
Evropa Polska Polsko
78%
Evropa Portugal Portugalsko
78%
Evropa Österreich Rakousko
78%
Evropa România Rumunsko
78%
Severní Amerika El Salvador Salvador
78%
Evropa Северна Македонија Severní Makedonie
78%
Evropa Slovenija Slovinsko
78%
Evropa United Kingdom Spojené království
78%
Severní Amerika Saint Lucia Svatá Lucie
78%
Severní Amerika Saint Vincent and the Grenadines Svatý Vincenc a Grenadiny
78%
Evropa Schweiz Švýcarsko
78%
Severní Amerika United States USA
78%
Jižní Amerika Bolivia Bolívie
76%
Jižní Amerika Brasil Brazílie
76%
Jižní Amerika Ecuador Ekvádor
76%
Jižní Amerika Colombia Kolumbie
76%
Evropa Magyarország Maďarsko
76%
Oceánie Papua New Guinea Papua Nová Guinea
76%
Jižní Amerika Perú Peru
76%
Jižní Amerika Suriname Surinam
76%
Evropa Україна Ukrajina
76%
Asie Timor-Lester Východní Timor
76%
Severní Amerika Antigua & Barbuda Antigua a Barbuda
73%
Evropa Lëtzebuerg Lucembursko
73%
Evropa, Asie Россия Rusko
73%
Oceánie Sāmoa Samoa
73%
Afrika eSwatini Svazijsko
73%
Severní Amerika Trinidad and Tobago Trinidad a Tobago
73%
Evropa Eesti Estonsko
71%
Oceánie Federated States of Micronesia Mikronésie
71%
Evropa Sverige Švédsko
71%
Asie Қазақстан Kazachstán
69%
Evropa Србија Srbsko
69%
Evropa България Bulharsko
67%
Evropa Suomi Finsko
67%
Evropa Ελλάς Řecko
67%
Oceánie Solomon Islands Šalomounovy ostrovy
67%
Severní Amerika Saint Kitts and Nevis Svatý Kryštof a Nevis
67%
Oceánie Naoero Nauru
62%
Asie Ўзбекистон Uzbekistán
62%
Asie Тоҷикистон Tádžikistán
60%
Severní Amerika Ayiti Haiti
58%
Asie Монгол Улс Mongolsko
58%
Asie 中国 Čína
53%
Oceánie Belau Palau
53%
Oceánie Viti Fidži
51%
Asie Кыргызстан Kyrgyzstán
51%
Asie 日本 Japonsko
47%
Evropa Éire Irsko
44%
Asie 한국 Jižní Korea
44%
Asie 조선 Severní Korea
44%
Afrika مصر Egypt
40%
Asie Κύπρος Kypr
40%
Afrika Dzayer Alžírsko
36%
Oceánie Aotearoa Nový Zéland
36%
Evropa Shqipëria Albánie
33%
Afrika Moris Mauricius
33%
Afrika المغرب Maroko
29%
Afrika Sesel Seychely
29%
Afrika ኢትዮጵያ Etiopie
27%
Asie ישראל Izrael
27%
Asie المملكة العربية السعودية Saúdská Arábie
27%
Asie เมืองไทย Thajsko
27%
Asie ایران Írán
24%
Oceánie Aorōkin M̧ajeļ Marshallovy ostrovy
24%
Afrika تونس Tunisko
24%
Asie العراق Irák
22%
Afrika ليبيا Libye
22%
Asie الإمارات العربيّة المتّحدة Spojené arabské emiráty
22%
Asie افغانستان Afghánistán
18%
Asie پاکستان Pákistán
18%
Asie 臺灣 Tchaj-wan
18%
Asie الأردن Jordánsko
16%
Afrika موريتانيا Mauritánie
16%
Asie عُمان Omán
16%
Asie البحرين Bahrajn
13%
Asie ભારત Indie
13%
Asie اليمن Jemen
13%
Asie قطر Katar
13%
Asie دولة الكويت Kuvajt
13%
Asie ປະເທດລາວ Laos
13%
Afrika السودان Súdán
13%
Asie Հայաստան Arménie
11%
Asie বাংলাদেশ Bangladéš
11%
Asie لبنان Libanon
11%
Asie ශ්‍රී ලංකාව Šrí Lanka
11%
Asie سورية Sýrie
11%
Asie འབྲུག་ཡུལ Bhútán
9%
Asie საქართველო Gruzie
9%
Asie កម្ពុជា Kambodža
9%
Asie नेपाल Nepál
9%
Afrika جزر القمر Komory
7%
Asie မြန်မာ Myanmar (Barma)
7%
Asie ދިވެހިރާއްޖެ Maledivy
4%
No matching quizzes found
Score Distribution
Percent of People with Each Score
Percentile by Number Answered
Your Score History
You have not taken this quiz